000 00709nam a2200241Ia 4500
003 OSt
005 20220927103648.0
006 a|||||r|||| 00| 0
007 ta
008 220926b |||||||| |||| 00| 0 eng d
024 _a98793
037 _cReference Collections
040 _aRTL
_cRTL
_beng
041 _2eng
_aeng
082 _a"X9(J3)ogF, L2"
100 _aPalmer Ingrid
_9361234
245 0 _aFood and new agricultural technology
260 _aGeneva
_bUnited Nations Research Institute for Social Development
_c1972
300 _a"vii, 85p."
_ccm.
650 _aFood Industry
_9361235
942 _h"X9(J3)ogF, L2"
_cCC
999 _c684662
_d684662